Statystyki dla Państwa w wojnie wietnamskiej

Kliknij tutaj aby rozwiązać quiz!

Ogólne statystyki

  • Ten quiz został rozwiązany 6 911 razy
  • Średni wynik to 6 z 9

Statystyki odpowiedzi

ZginęłoKraj% Poprawnych
1 446Chiny
95%
58 315Stany Zjednoczone
94%
62 000Laos
76%
273 000Kambodża
72%
351Tajlandia
72%
5 099Korea Południowa
51%
1 062 000Wietnam Północny
50%
741 000Wietnam Południowy
47%
500Australia
38%

Rozkład punktacji

Percentyl według liczby udzielonych odpowiedzi

Procent ludzi z każdym wynikiem

Twoja historia wyników

Nie rozwiązałeś tego quizu